000 00582nam a22002177a 4500
005 20240415101232.0
008 140915b xxu||||| |||| 00| 0 eng d
020 _a9788122432763
_c275.00
040 _aLoreto College
082 _a515.8
_bMAL
100 _aMalik,S.C.
245 _aPrinciples of real analysis
_cS.C.Malik
250 _a3rd ed
260 _aNew Delhi
_bNew Age International
_c2011
300 _axii,375p
_b22cm
504 _aIncludes bibliographical references and index
650 _aReal analysis
650 _aCalculus
850 _aLCLIB
942 _cBK
999 _c39469
_d89948